000 01711nam0a2200337 4500
001 RU\NLR\BIBL_A\022573947
005 20260409080356.0
010 _a978-5-9912-1126-0
_91000
035 _a(NLR Aleph) 022573947
090 _a13496109
_c13496109
100 _a20250626d2024 k y0rusy50 ca
101 0 _arus
102 _aRU
105 _aa z 000yy
181 0 _ai3
_baxxe
182 0 _an
200 1 _aИнтеллектуальная информационно-аналитическая система мониторинга цифрового и инфокоммуникационного развития России
_e[монография]
_fТ. А. Кузовкова, Т. Ю. Салютина, Г. П. Платунина
203 _aТекст
_bвизуальный
_cнепосредственный
210 _aМосква
_cГорячая линия - Телеком
_d2024
215 _a207 с.
_cил., табл.
_d21
300 _aВ вып. дан. авт.: Кузовкова Т. А. - д-р экон. наук, проф., Салютина Т. Ю. - д-р экон. наук, Платунина Г. П. - ст. преподаватель
320 _aБиблиогр.: с. 196-205 (131 назв.)
606 _aЦифровая экономика
_yРоссийская Федерация
_3RU\NLR\AUTH\6601752480
_92664453
686 1 _aУ39(2Р)
700 1 _aКузовкова
_bТ. А.
_gТатьяна Алексеевна
701 1 _aСалютина
_bТ. Ю.
_gТатьяна Юрьевна
701 1 _aПлатунина
_bГ. П.
_gГалина Петровна
942 _cBOOK
980 _aNB